| 000 | 00987nam a22002657a 4500 | ||
|---|---|---|---|
| 005 | 20240530110355.0 | ||
| 008 | 150106s2010 ua d f b 000 0 ara d | ||
| 017 |
_a2009/24034 _bمصر . دار الكتب المصرية |
||
| 020 | _a9789773832001 | ||
| 040 | _aEG-CaGPL | ||
| 041 | 0 | _aara | |
| 082 | 0 | 4 |
_221 _a616.8982\ _bم ت |
| 100 | 0 | _aمى ادريس محمد | |
| 245 | 1 | 2 |
_aالتهيؤ للاصابة بالفصام : _bمن منظور سيكوفزيولجى / _cتاليف مى ادريس محمد |
| 250 | _aط1 | ||
| 260 |
_aالقاهرة : _bايتراك للطباعة و النشر و التوزيع ، _c2010 |
||
| 300 |
_a363 ص : _bايض ؛ _c24 سم |
||
| 504 | _aببليوجرافية : ص 229 - 361 | ||
| 650 | 0 | 4 | _aالفصام |
| 650 | 0 | 4 |
_aالفصام _xتشخيص |
| 650 | 0 | 4 |
_aالفصام _xالجوانب الصحية |
| 650 | 0 | 4 |
_aالفصام _xرعاية اجتماعية |
| 942 |
_2ddc _cBK |
||
| 999 |
_c60160 _d60160 |
||